| 000 | 00904cam a2200253 4500 | ||
|---|---|---|---|
| 008 | 021016n1993 000 0 eng u | ||
| 020 | _a0070498350 | ||
| 035 | _a(Sirsi) u120112 | ||
| 041 | _aeng. | ||
| 050 | _a635.977 | ||
| 100 | _aPhillips, L.E.Jr. | ||
| 245 | _aUrban trees: a guide for selection, maintenance, and master planning | ||
| 260 |
_bMcGraw-Hill _c1993 |
||
| 300 |
_aix,273p. _c25cm. |
||
| 350 | _a38.99 | ||
| 520 | _aA guide to urban tree care and planning. Among the issues covered are: how to develop an effective municipal street tree master plan; how to take a street tree inventory; how to choose the best trees for your community; and how to care for your trees. | ||
| 650 | _aTREES | ||
| 650 | _aTREE MAINTENANCE | ||
| 650 | _aURBAN ENVIRONMENT | ||
| 650 | _aLANDSCAPING | ||
| 650 | _aABORICULTURE | ||
| 690 | _aENVIRONMENTAL AND LAND CONSULTANCY | ||
| 942 | _n0 | ||
| 999 |
_c102476 _d102476 |
||